书目信息 |
| 题名: |
科学纪录片研究
|
|
| 作者: | 万彬彬 著 | |
| 分册: | ||
| 出版信息: | 北京 中国传媒大学出版社 2011.02 |
|
| 页数: | 207页 | |
| 开本: | 24cm | |
| 丛书名: | 影视文化全息书丛 | |
| 单 册: | ||
| 中图分类: | J953 | |
| 科图分类: | ||
| 主题词: | 科学纪录片--ke xue ji lu pian--研究 | |
| 电子资源: | ||
| ISBN: | 978-7-5657-0099-6 | |
| 000 | 00922nam 2200265 450 | |
| 001 | 012011949562 | |
| 005 | 20111118160240.92 | |
| 010 | @a978-7-5657-0099-6@dCNY39.00 | |
| 100 | @a20111117d2011 em y0chiy0120 ea | |
| 101 | 0 | @achi |
| 102 | @aCN@b110000 | |
| 105 | @aa a 000yy | |
| 106 | @ar | |
| 200 | 1 | @a科学纪录片研究@Ake xue ji lu pian yan jiu@f万彬彬著@Fwan bin bin zhu |
| 210 | @a北京@c中国传媒大学出版社@d2011.02 | |
| 215 | @a207页@c图@d24cm | |
| 225 | 2 | @a影视文化全息书丛@Aying shi wen hua quan xi shu cong@h第二辑 |
| 320 | @a有书目 (第196-205页) | |
| 330 | @a本书从历史流变、叙事探析、传播心理、数字之路等方面,对我国科学纪录片的创作特点与规律进行研究,同时探索其生存与发展之路。 | |
| 410 | 0 | @12001 @a影视文化全息书丛 |
| 606 | 0 | @a科学纪录片@Ake xue ji lu pian@x研究 |
| 690 | @aJ953@v4 | |
| 701 | 0 | @a万彬彬@Awan bin bin@4著 |
| 801 | 0 | @aCN@bQSSK@c20111118 |
| 905 | @b795288-90@dJ953@eW031@f3 | |
| 科学纪录片研究/万彬彬著.-北京:中国传媒大学出版社,2011.02 |
| 207页:图;24cm.-(影视文化全息书丛.第二辑) |
| ISBN 978-7-5657-0099-6:CNY39.00 |
| 本书从历史流变、叙事探析、传播心理、数字之路等方面,对我国科学纪录片的创作特点与规律进行研究,同时探索其生存与发展之路。 |
| ● |
| 相关链接 |
|
|
|
正题名:科学纪录片研究
索取号:J953/W031
 
预约/预借
| 序号 | 登录号 | 条形码 | 馆藏地/架位号 | 状态 | 备注 |
| 1 | 795288 | 207952884 | 社科库309/309社科库 98排3列3层/ [索取号:J953/W031] | 在馆 | |
| 2 | 795289 | 207952893 | 艺术设计学院资料室/ [索取号:J953/W031] | 在馆 | |
| 3 | 795290 | 207952900 | 社科库309/309社科库 98排3列3层/ [索取号:J953/W031] | 在馆 |